Meister der DEL2 seit 2013 - Statistiken

Allgemein
  • Dieses Quiz wurde 90 mal gespielt
    80 seit der letzten Aktualisierung
  • Das Durchschnittsergebnis liegt bei 8 aus 10
Antwortstatistiken
Hint Antwort % Korrekt
23/24 Eisbären Regensburg
88%
15/16 Kassel Huskies
88%
16/17 Löwen Frankfurt
86%
21/22 Löwen Frankfurt
86%
14/15 Bietigheim Steelers
84%
17/18 Bietigheim Steelers
84%
20/21 Bietigheim Steelers
84%
18/19 Ravensburg Towerstars
83%
22/23 Ravensburg Towerstars
83%
13/14 Fishtown Pinguins Bremerhaven
64%
Keine übereinstimmenden Quizze gefunden
Verteilung der Resultate
Anzahl Personen mit jedem Resultat
Perzentil nach korrekt beantworteten Fragen
Ihre Resultats-Entwicklung
Sie haben dieses Quiz seit der letzten Aktualisierung nicht gespielt